Best Player at Every NBA Draft Position - Statistics

General Stats
  • This quiz has been taken 600 times
  • The average score is 18 of 60
Answer Stats
Draft Pick Draft Year Drafting Team Position Answer WS % Correct
1* 2003 Cleveland Cavaliers SF LeBron James 254.5
100%
3 1984 Chicago Bulls SG Michael Jordan 214.0
96%
35* 2008 Los Angles Clippers C DeAndre Jordan 95.5
92%
6 1978 Boston Celtics SF Larry Bird 145.8
89%
5 1995 Minnesota Timberwolves PF Kevin Garnett 191.4
87%
4* 2005 New Orleans Hornets PG Chris Paul 203.6
82%
13 1985 Utah Jazz PF Karl Malone 234.6
76%
16 1984 Utah Jazz PG John Stockton 207.7
71%
2 1956 St. Louis Hawks C Bill Russell 163.5
70%
11 1987 Indiana Pacers SG Reggie Miller 174.4
70%
15 1996 Phoenix Suns PG Steve Nash 129.7
69%
41* 2014 Denver Nuggets C Nikola Jokic 92.2
66%
10 1998 Boston Celtics SF Paul Pierce 150.0
64%
14 1983 Portland Trail Blazers SG Clyde Drexler 135.6
60%
7 1962 Boston Celtics SF John Havlicek 131.7
60%
28 2001 San Antonio Spurs PG Tony Parker 109.0
53%
17 1989 Seattle SuperSonics PF Shawn Kemp 89.5
50%
57 1999 San Antonio Spurs SG Manu Ginobili 106.4
44%
49 1977 Atlanta Hawks SG Eddie Johnson 41.0
42%
56 1974 Portland Trail Blazers PF Mickey Johnson 58.6
42%
9 1998 Milwaukee Bucks PF Dirk Nowitzki 201.3
39%
30* 2011 Chicago Bulls SG Jimmy Butler 102.9
37%
44 1996 Charlotte Hornets PF Malik Rose 26.5
31%
48 2007 Los Angeles Lakers C Marc Gasol 85.3
29%
22 1974 Washington Bullets PF Truck Robinson 52.7
25%
18 1987 New York Knicks PG Mark Jackson 91.8
24%
8 1976 Golden State Warriors C Robert Parish 147.0
23%
43 2000 Milwaukee Bucks SG Michael Redd 55.9
17%
26 1989 Los Angeles Lakers C Vlade Divac 96.4
16%
24 1985 Portland Trail Blazers PG Terry Porter 110.4
14%
12 1962 Syracuse Nationals SF Chet Walker 117.4
13%
27* 2013 Denver Nuggets C Rudy Gobert 92.6
13%
31 1981 Boston Celtics SG Danny Ainge 71.5
12%
36 1978 Philadelphia 76ers PG Maurice Cheeks 103.5
12%
29 1992 New Jersey Nets PF PJ Brown 89.8
11%
32 1998 Seattle SuperSonics SF Rashard Lewis 90.9
10%
23 1976 Milwaukee Bucks SF Alex English 100.7
8%
40 1974 Phoenix Suns SG George Gervin 88.1
8%
39* 2012 Detroit Pistons SF Khris Middleton 51.7
8%
60 1978 Los Angeles Lakers SG Michael Cooper 52.5
7%
50 1988 Phoenix Suns PG Steve Kerr 47.2
7%
25 1986 Dallas Mavericks PG Mark Price 71.1
6%
55* 2009 Portland Trail Blazers PG Patty Mills 35.8
6%
47 2006 Utah Jazz PF Paul Millsap 95.4
6%
45 1969 Milwaukee Bucks SF Bob Dandridge 80.3
5%
46 1986 Phoenix Suns SG Jeff Hornacek 108.9
5%
38 2001 Detroit Pistons C Mehmet Okur 54.7
5%
21 1995 Phoenix Suns SF Michael Finley 85.2
5%
59 1978 Milwaukee Bucks PF Pat Cummings 22.6
5%
54 1985 Houston Rockets SF Sam Mitchell 41.7
5%
20 1981 Phoenix Suns SF Larry Nance 109.6
4%
19 1988 New York Knicks PG Rod Strickland 85.8
4%
53 1988 Portland Trail Blazers PF Anthony Mason 88.3
3%
37 1966 Los Angeles Lakers PG Archie Clark 64.7
2%
58 1980 New York Knicks PF Kurt Rambis 38.3
2%
51 2003 New Jersey Nets SG Kyle Korver 73.4
2%
34 1969 Chicago Bulls PG Norm Van Lier 47.8
2%
33 1964 Cincinnati Royals PF Happy Hairston 70.0
1%
42 2003 Orlando Magic C Zaza Pachulia 52.7
1%
52 1995 Indiana Pacers SG Fred Hoiberg 27.6
0%
No matching quizzes found
Score Distribution
Percent of People with Each Score
Percentile by Number Answered
Your Score History
You have not taken this quiz